| 000 | 00877nam a2200217Ia 4500 | ||
|---|---|---|---|
| 003 | GCL | ||
| 008 | 140319s9999 xx 000 0 ara d | ||
| 040 |
_aGCL / _cGCL |
||
| 082 | 0 | 4 |
_a330.121 _bم ا |
| 100 | 1 | _aمحمد شوقى الفنجرى | |
| 245 | 1 | 0 |
_aالاسلام وعدالة التوزيع او حفظ التوازن الاقتصادى بين افراد المجتمع ودول العالم / _cمحمد شوقى الفنجرى |
| 300 | _a103 ص | ||
| 490 |
_aقضايا اسلامية معاصرة _v0 |
||
| 650 | 0 | 4 | _aالاسلام والمذاهب الاقتصادية |
| 650 | 0 | 4 | _aالاقتصاد الاسلامى |
| 650 | 0 | 4 | _aالاسلام والاقتصاد |
| 650 | 0 | 4 | _aالاسلام والاصلاح الاقتصادى |
| 650 | 0 | 4 | _aالاسلام والاشتراكية |
| 650 | 0 | 4 | _aالدخل القومى - توزيع |
| 942 |
_2ddc _cBK |
||
| 999 |
_c38829 _d38829 |
||